00544nam a2200169Ia 450000500170000000800410001702000180005808200130007610000300008924500490011926000400016830000130020850000370022194200060025895200950026499900150035920250623024706.0240331s9999 xx 000 0 und d a9789551468057 bGATa327 aGaltung,J (Perera, K.A.N) 0aGetum nirakaranaya pilibanda sidde adyanayak aMaharagamabRavaya Publishersc2007 a325 p ., aAn introduction to Conflict Work cL 001040708LaWERCLbWERCLcSSCd2024-03-31l0o 327 GATp6681r2024-03-31w2024-03-31yL c5764d5764